LEADER 00600nam a2200181 i 4500 001 000000194422 003 CaOOAMICUS 005 20210929115911.0 008 101113n it u000 u ita u 013 $a173074 040 $aSeMil$bita 245 13$aLa Passione. 300 $a446 p. :$bill., [7] p. di tav. 773 0 $aValtorta, Maria$tPoema dell'Uomo-Dio.$dIsola del Liri : Pisani, 1975.$gVolume9$w()23964 850 $aSeMil 852 $aSeMil$W1$xVenegono$y1$m3J V 148$j144996$B144996$CSeMilBibl$Z2$F156423 $81 996 $6245$aLa Passione$9(OLS)http://semarc/title/133457 LEADER 00559nab a2200145 i 4500 001 000000278824 003 CaOOAMICUS 005 20130320000000.0 008 130320n xx uu u0 0und r 013 $a30081 040 $aSeMil$bita 245 10$aItalia paese incomprensibile. - 16 p. - Titolo principale dalla prima pagina. 500 $a17 marzo 2013. 773 0 $t[2013 : Gennaio-Giugno].$dBologna : Centro Editoriale Dehoniano, 2013.$w()218071 996 $6245$aItalia paese incomprensibile. - 16 p. - Titolo principale dalla prima pagina.$9(OLS)http://semarc/title/362861